| 000 | 00888nam a2200229 a 4500 | ||
|---|---|---|---|
| 999 |
_c11299 _d11299 |
||
| 001 | 11299 | ||
| 003 | BD-JhCC | ||
| 005 | 20190825103457.0 | ||
| 008 | 190624s20052016bg |||| ||a| 000 0 ben d | ||
| 020 | _a9847000800138 | ||
| 035 | _a(BD-JhCC)11299 | ||
| 040 |
_aBD-JhCC _dBD-JhCC |
||
| 041 | _aben | ||
| 082 |
_bTAR 2016 _a891.4435 |
||
| 100 | _aতারেক, মেজর হামিদুল হোসেন | ||
| 245 |
_aএকাত্তরের কিশোর মুক্তিযোদ্ধা / _cমেজর হামিদুল হোসেন তারেক । |
||
| 260 |
_aঢাকা: _bসেন্টার ফর বাংলাদেশ লিবারেশন ওয়ার স্টাডিজ; _c২০১৬. |
||
| 300 |
_a৭৭ পৃ. : _c২২ সেমি. |
||
| 650 | _aHistorical Bengali Novel | ||
| 942 |
_2ddc _cBK |
||